[Event "FRA-ch Youth 2017"]
[Site "Belfort"]
[Date "2017.04.21"]
[Round "7"]
[White "Dudognon, Thibault"]
[Black "Caloone, Thomas"]
[Result "1/2-1/2"]
[WhiteElo "2218"]
[BlackElo "2149"]
[Annotator "NA"]
[PlyCount "132"]
[EventDate "2017.??.??"]
[EventCountry "FRA"]
[SourceTitle "playchess.com"]
[Source "ChessBase"]
[SourceQuality "1"]
[TimeControl "5400+30"]

1. c4 {[%emt 0:00:00]} d6 {[%emt 0:03:10]} 2. g3 {[%emt 0:00:00]} g6 {[%emt 0:00:06]} 3. Bg2 {[%emt 0:00:00]} Bg7 {[%emt 0:00:06]} 4. Nc3 {[%emt 0:00:08]} Nf6 {[%emt 0:00:15]} 5. e4 {[%emt 0:00:50]} e5 {[%emt 0:01:17]} 6. Nge2 {[%emt 0:01:59]} O-O {[%emt 0:00:18]} 7. O-O {[%emt 0:01:13]} c6 {[%emt 0:13:48]} 8. d3 {[%emt 0:03:53] LiveBook: 167 Games} Be6 {[%emt 0:08:09]} 9. h3 {[%emt 0:07:08]} Qc8 {[%emt 0:06:32] A24: English Opening vs King's Indian: Lines without ...Nc6} (9... Ne8 10. b3 Nc7 11. Ba3 Qd7 12. Kh2 c5 13. b4 b6 14. f4 exf4 15. gxf4 Nc6 16. Rb1 cxb4 17. Bxb4 Nxb4 18. Rxb4 {½-½ (78) Vavulin,M (2441)-Petrosyan,M (2443) Porec 2015}) 10. Kh2 {[%emt 0:00:22]} Rd8 {[%emt 0:00:34]} 11. f4 $146 {[%emt 0:05:51]} ({Reject} 11. Bg5 $6 h6 12. Be3 (12. Bxf6 Bxf6 13. Qd2 Bg7 14. f4 f5 15. b3 Nd7 16. d4 exd4 17. Nxd4 Nc5 18. Nxe6 Qxe6 19. exf5 gxf5 20. Rad1 Ne4 21. Nxe4 fxe4 {½-½ (21) Hunhoff,S (1766)-Bohn,P (1662) Germany 2011}) 12... d5 13. exd5 cxd5 $11) 11... exf4 {[%emt 0:04:41]} 12. Nxf4 {[%emt 0:01:55]} Nbd7 {[%emt 0:02:51]} 13. Nxe6 {[%emt 0:08:35]} fxe6 {[%emt 0:00:17]} 14. Qe2 {[%emt 0:02:01]} Rf8 {[%emt 0:02:40]} 15. Be3 {[%emt 0:06:53]} Qc7 {[%emt 0:06:49]} 16. d4 {[%emt 0:03:08]} a6 {[%emt 0:04:52]} 17. Rac1 {[%emt 0:03:00]} Rae8 {[%emt 0:02:28]} 18. Qd2 {[%emt 0:05:06]} c5 {[%emt 0:08:25]} 19. dxc5 {[%emt 0:00:38]} dxc5 {[%emt 0:00:24]} 20. Bf4 {[%emt 0:04:06]} Ne5 $15 {[%emt 0:04:33]} 21. Rcd1 {[%emt 0:05:31]} Nh5 {[%emt 0:07:00]} 22. Qe2 {[%emt 0:02:53]} Nxf4 {[%emt 0:00:42]} 23. gxf4 {[%emt 0:00:13]} Rxf4 {[%emt 0:04:14]} 24. Rxf4 {[%emt 0:00:09]} g5 {[%emt 0:00:05]} 25. Qh5 {[%emt 0:04:20]} Ng6 {[%emt 0:02:07]} 26. Qxg5 {[%emt 0:00:34]} Nxf4 {[%emt 0:04:52]} 27. Kh1 {[%emt 0:01:31]} Kh8 {[%emt 0:00:40]} 28. Bf3 {[%emt 0:09:22]} Rg8 {[%emt 0:05:30]} 29. Qh4 {[%emt 0:01:48]} Ng6 {[%emt 0:01:05]} 30. Qe1 {[%emt 0:03:55]} Qf4 {[%emt 0:00:29]} 31. Bg4 {[%emt 0:01:43]} Be5 {[%emt 0:00:40]} 32. Qd2 {[%emt 0:00:18]} Qxd2 {[%emt 0:03:42]} 33. Rxd2 {[%emt 0:00:05]} Nf4 {[%emt 0:00:04]} 34. Ne2 {[%emt 0:04:02]} h5 {[%emt 0:01:07]} 35. Nxf4 {[%emt 0:00:05]} Bxf4 {[%emt 0:00:29]} 36. Rf2 {[%emt 0:00:06]} hxg4 {[%emt 0:00:09]} 37. Rxf4 {[%emt 0:00:04]} gxh3 {[%emt 0:00:13]} 38. Rh4+ {[%emt 0:00:12]} Kg7 {[%emt 0:00:03]} 39. Rxh3 {[%emt 0:03:09]} Kf6 {[%emt 0:00:04]} 40. Rh5 {[%emt 0:03:04]} b6 {[%emt 0:02:13]} 41. a4 {[%emt 0:02:04]} Rg5 {[%emt 0:01:21]} 42. Rh3 {[%emt 0:00:34]} Rg4 {[%emt 0:01:02]} 43. a5 {[%emt 0:02:45]} bxa5 {[%emt 0:00:33]} 44. Ra3 {[%emt 0:00:26]} Rxe4 {[%emt 0:00:16]} 45. b3 {[%emt 0:00:03]} Re3 {[%emt 0:00:34]} 46. Rxa5 {[%emt 0:00:25]} Rxb3 {[%emt 0:00:32]} 47. Rxc5 {[%emt 0:00:16]} Ke7 {[%emt 0:00:03]} 48. Ra5 {[%emt 0:01:02]} Rb6 {[%emt 0:01:05]} 49. Kg2 {[%emt 0:00:25]} Rc6 {[%emt 0:00:57]} 50. Kf3 {[%emt 0:01:41]} Kf6 {[%emt 0:00:36]} 51. Ke3 {[%emt 0:01:01]} Rxc4 {[%emt 0:00:27]} 52. Rxa6 {[%emt 0:00:08]} Kf5 {[%emt 0:00:12]} 53. Ra3 {[%emt 0:00:21]} Rh4 {[%emt 0:00:08]} 54. Kf2 {[%emt 0:00:08]} Rf4+ {[%emt 0:00:17]} 55. Ke2 {[%emt 0:00:42]} Rb4 {[%emt 0:00:08]} 56. Rc3 {[%emt 0:00:26]} e5 {[%emt 0:00:17]} 57. Ra3 {[%emt 0:00:06]} Rb2+ {[%emt 0:00:16]} 58. Ke1 {[%emt 0:00:30]} Kf4 {[%emt 0:00:18]} 59. Rc3 {[%emt 0:00:25]} e4 {[%emt 0:00:09]} 60. Ra3 {[%emt 0:00:06]} Ke5 {[%emt 0:00:36]} 61. Ra5+ {[%emt 0:01:01]} Kd4 {[%emt 0:00:15]} 62. Ra4+ {[%emt 0:00:06]} Ke3 {[%emt 0:00:12]} 63. Ra3+ {[%emt 0:00:03]} Kf4 {[%emt 0:00:03]} 64. Rc3 {[%emt 0:00:30]} Rb4 {[%emt 0:01:51]} 65. Ra3 {[%emt 0:01:23]} e3 {[%emt 0:00:23]} 66. Ra8 {[%emt 0:00:09]} Rb1+ {[%emt 0:00:07]} 1/2-1/2

[Event "FRA-ch Youth 2017"]
[Site "Belfort"]
[Date "2017.04.21"]
[Round "7"]
[White "Gatineau, Yovann"]
[Black "Coiffait, Pierre-Basile"]
[Result "1/2-1/2"]
[WhiteElo "2214"]
[BlackElo "2193"]
[Annotator "NA"]
[PlyCount "61"]
[EventDate "2017.??.??"]
[EventCountry "FRA"]
[SourceTitle "playchess.com"]
[Source "ChessBase"]
[SourceQuality "1"]
[TimeControl "5400+30"]

1. d4 {[%emt 0:00:00]} Nf6 {[%emt 0:00:09]} 2. Nf3 {[%emt 0:00:00]} b6 {[%emt 0:00:25]} 3. Bf4 {[%emt 0:02:16]} e6 {[%emt 0:01:40]} 4. e3 {[%emt 0:00:28]} c5 {[%emt 0:00:33]} 5. c3 {[%emt 0:00:32]} Bb7 {[%emt 0:01:28]} 6. Nbd2 {[%emt 0:00:12]} cxd4 {[%emt 0:00:18]} 7. exd4 {[%emt 0:00:45]} Be7 {[%emt 0:00:10]} 8. Bd3 {[%emt 0:01:17]} O-O {[%emt 0:00:16]} 9. h3 {[%emt 0:00:48]} Re8 {[%emt 0:01:33] A47: 1 d4 Nf6 2 Nf3 b6: Torre, London and Colle Systems} 10. O-O {[%emt 0:00:14]} d6 {[%emt 0:00:06]} 11. Re1 {[%emt 0:03:11]} Nbd7 {[%emt 0:00:13]} 12. Qc2 {[%emt 0:01:02] LiveBook: 4 Games} (12. Bh2 a6 13. a4 Nf8 14. Ng5 Qd7 15. Qe2 Bc6 16. Bxa6 Bxa4 17. Bd3 Bc6 18. Nc4 {1-0 (82) Giri,A (2755)-Tomashevsky,E (2731) Moscow 2016}) 12... Nf8 {[%emt 0:01:55]} 13. a4 {[%emt 0:04:23]} a6 {[%emt 0:07:01]} 14. Rac1 $146 {[%emt 0:06:43]} (14. Ne4 Nxe4 15. Bxe4 Bxe4 16. Rxe4 d5 17. Re3 Ng6 18. Bg3 {½-½ (26) Gutierrez Olivares,D (2313)-Alvarado Ascanio,F (2199) Las Palmas 2016}) 14... Rc8 {[%emt 0:03:59]} 15. Qb3 {[%emt 0:02:37]} Ng6 {[%emt 0:14:39]} 16. Bh2 {[%emt 0:03:22]} Nd5 {[%emt 0:07:15]} 17. Be4 {[%emt 0:09:39]} Ba8 {[%emt 0:03:27]} 18. Bd3 {[%emt 0:04:04]} Bb7 $11 {[%emt 0:01:54]} 19. Be4 {[%emt 0:00:50]} Ba8 {[%emt 0:10:51]} 20. Qc2 {[%emt 0:18:14]} Nf6 {[%emt 0:09:01]} 21. Bd3 {[%emt 0:07:07]} Bb7 {[%emt 0:00:37]} 22. Qb1 {[%emt 0:00:48]} Nd5 {[%emt 0:03:02]} 23. Be4 {[%emt 0:00:57]} Ba8 {[%emt 0:00:57]} 24. Qd3 {[%emt 0:05:52]} Bb7 {[%emt 0:08:04]} 25. Qf1 {[%emt 0:02:50]} Qd7 {[%emt 0:03:01]} 26. Nc4 {[%emt 0:04:36]} Qc7 {[%emt 0:01:17]} 27. Nfd2 {[%emt 0:02:59]} Ndf4 {[%emt 0:04:07]} 28. Bxb7 {[%emt 0:01:38]} Qxb7 {[%emt 0:00:05]} 29. g3 {[%emt 0:02:51]} Nd5 {[%emt 0:01:26]} 30. Qg2 {[%emt 0:01:24]} Qd7 {[%emt 0:01:09]} 31. Ra1 {[%emt 0:01:15]} 1/2-1/2

[Event "FRA-ch Youth 2017"]
[Site "Belfort"]
[Date "2017.04.21"]
[Round "7"]
[White "Midy, Robin"]
[Black "Mohammad, Fahim"]
[Result "1/2-1/2"]
[WhiteElo "2137"]
[BlackElo "2281"]
[Annotator "NA"]
[PlyCount "122"]
[EventDate "2017.??.??"]
[EventCountry "FRA"]
[SourceTitle "playchess.com"]
[Source "ChessBase"]
[SourceQuality "1"]
[TimeControl "5400+30"]

1. d4 {[%emt 0:00:00]} Nf6 {[%emt 0:01:22]} 2. Bg5 {[%emt 0:00:00]} Ne4 {[%emt 0:00:10]} 3. Bf4 {[%emt 0:00:00]} e5 {[%emt 0:00:47]} 4. Bxe5 {[%emt 0:07:54]} Nc6 {[%emt 0:01:25]} 5. Nd2 {[%emt 0:08:50]} d5 {[%emt 0:03:16] LiveBook: 6 Games} 6. e3 {[%emt 0:11:19]} h5 {[%emt 0:04:39]} 7. h4 {[%emt 0:13:02]} Qe7 {[%emt 0:06:46]} 8. Bb5 {[%emt 0:15:13]} Qb4 {[%emt 0:05:42]} 9. Bxc6+ {[%emt 0:00:19]} bxc6 {[%emt 0:00:07]} 10. Rb1 $16 {[%emt 0:03:40]} ({Don't play} 10. Bxc7 Nxd2 11. Qxd2 Qxb2 $15) 10... Ba6 {[%emt 0:09:05]} 11. Ne2 {[%emt 0:02:49]} Qa5 {[%emt 0:06:05]} 12. a3 {[%emt 0:09:52]} f6 {[%emt 0:04:46]} 13. Bh2 {[%emt 0:01:41]} Bb5 {[%emt 0:11:52]} 14. f3 {[%emt 0:03:01]} Nd6 {[%emt 0:01:17]} 15. Kf2 {[%emt 0:07:37]} Be7 {[%emt 0:04:10]} 16. Nc3 {[%emt 0:03:24]} Nf5 {[%emt 0:04:57]} 17. Nb3 {[%emt 0:01:44]} Qb6 {[%emt 0:01:09]} 18. Nxb5 {[%emt 0:01:20]} cxb5 {[%emt 0:00:13]} 19. Qd3 {[%emt 0:00:45]} Qe6 {[%emt 0:01:45]} 20. e4 {[%emt 0:03:20]} Nd6 {[%emt 0:05:54]} 21. exd5 {[%emt 0:00:20]} Qxd5 {[%emt 0:00:38]} 22. Bxd6 {[%emt 0:00:18]} Qxd6 {[%emt 0:00:54]} 23. Qg6+ {[%emt 0:00:05]} Kf8 {[%emt 0:01:18]} 24. Rbe1 {[%emt 0:00:14]} Rh6 {[%emt 0:00:45]} 25. Qe4 {[%emt 0:00:39]} Re8 {[%emt 0:01:03]} 26. Qe6 {[%emt 0:00:56]} Qd8 {[%emt 0:01:28]} 27. Qe4 {[%emt 0:02:35]} Kg8 {[%emt 0:01:44]} 28. g3 {[%emt 0:01:01]} f5 {[%emt 0:02:31]} 29. Qxf5 {[%emt 0:01:22]} Rf8 {[%emt 0:00:42]} 30. Qe4 {[%emt 0:00:25]} Bd6 {[%emt 0:00:53]} 31. Re3 {[%emt 0:01:05]} Qd7 {[%emt 0:02:24]} 32. Kg2 {[%emt 0:00:23]} Qf7 {[%emt 0:00:44]} 33. f4 {[%emt 0:00:37]} Kh8 {[%emt 0:02:38]} 34. Qf3 {[%emt 0:00:29]} Qg6 {[%emt 0:01:06]} 35. Kh2 {[%emt 0:00:37]} Qxc2+ {[%emt 0:01:59]} 36. Qe2 {[%emt 0:00:06]} Qc6 {[%emt 0:02:08]} 37. Re1 {[%emt 0:00:32]} Qd5 {[%emt 0:05:11]} 38. Qf3 {[%emt 0:00:33]} Qf7 {[%emt 0:00:51]} 39. Nd2 {[%emt 0:00:28]} Rf6 {[%emt 0:02:23]} 40. Ne4 {[%emt 0:00:44]} Bxf4 {[%emt 0:00:29]} 41. Nxf6 {[%emt 0:00:27]} Bxe3 {[%emt 0:00:07]} 42. Rxe3 {[%emt 0:00:26]} Qxf6 {[%emt 0:02:10]} 43. Qxf6 {[%emt 0:00:29]} Rxf6 {[%emt 0:00:04]} 44. Kg2 {[%emt 0:00:21]} Rc6 {[%emt 0:01:28]} 45. b4 {[%emt 0:00:33]} g6 {[%emt 0:00:46]} 46. d5 {[%emt 0:00:49]} Rc2+ {[%emt 0:00:34]} 47. Kf3 {[%emt 0:00:07]} Kg7 {[%emt 0:00:03]} 48. Ke4 {[%emt 0:00:27]} Kf6 {[%emt 0:00:21]} 49. Rf3+ {[%emt 0:00:28]} Ke7 {[%emt 0:00:06]} 50. Ke5 {[%emt 0:00:37]} Re2+ {[%emt 0:00:20]} 51. Kd4 {[%emt 0:00:05]} Rc2 {[%emt 0:00:47]} 52. Rc3 {[%emt 0:01:06]} Rxc3 53. Kxc3 {[%emt 0:00:01]} Kd7 {[%emt 0:01:40]} 54. Kd4 {[%emt 0:00:24]} Kd6 {[%emt 0:00:12]} 55. Ke4 {[%emt 0:00:15]} Kd7 {[%emt 0:00:14]} 56. Kf4 {[%emt 0:01:00]} Ke8 {[%emt 0:00:24]} 57. Ke4 {[%emt 0:00:50]} Kd7 {[%emt 0:00:14]} 58. Kd4 {[%emt 0:00:39]} Kd6 {[%emt 0:00:09]} 59. Ke4 {[%emt 0:00:07]} Kd7 {[%emt 0:00:11]} 60. Kf4 {[%emt 0:00:52]} Ke8 {[%emt 0:00:18]} 61. Ke4 Kd7 1/2-1/2

[Event "FRA-ch Youth 2017"]
[Site "Belfort"]
[Date "2017.04.21"]
[Round "7"]
[White "Trouve, Guillaume"]
[Black "Tahay, Romain"]
[Result "1-0"]
[WhiteElo "2134"]
[BlackElo "1971"]
[Annotator "NA"]
[PlyCount "61"]
[EventDate "2017.??.??"]
[EventCountry "FRA"]
[SourceTitle "playchess.com"]
[Source "ChessBase"]
[SourceQuality "1"]
[TimeControl "5400+30"]

1. e4 {[%emt 0:00:00]} c5 {[%emt 0:01:33]} 2. Nf3 {[%emt 0:00:00]} Nc6 {[%emt 0:00:09]} 3. d4 {[%emt 0:00:00]} cxd4 {[%emt 0:00:06]} 4. Nxd4 {[%emt 0:00:00]} Nf6 {[%emt 0:00:12]} 5. Nc3 {[%emt 0:00:00]} d6 {[%emt 0:00:13]} 6. Bg5 {[%emt 0:00:02]} e6 {[%emt 0:00:44]} 7. Qd2 {[%emt 0:00:13]} a6 {[%emt 0:00:05]} 8. O-O-O {[%emt 0:00:06]} h6 {[%emt 0:01:18]} 9. Nxc6 {[%emt 0:02:33]} bxc6 {[%emt 0:00:13]} 10. Bf4 {[%emt 0:00:05]} d5 {[%emt 0:01:15]} 11. Qe3 {[%emt 0:00:08]} Qa5 {[%emt 0:04:53] LiveBook: 106 Games} 12. Be2 {[%emt 0:01:06] B66: Sicilian: Richter-Rauzer: 7...a6 8 0-0-0 h6} Bb4 {[%emt 0:14:00]} 13. Be5 {[%emt 0:00:51]} dxe4 {[%emt 0:08:30]} 14. Qg3 {[%emt 0:14:32]} Bxc3 {[%emt 0:18:51]} 15. Bc7 {[%emt 0:13:25]} Qg5+ $146 {[%emt 0:01:48]} (15... Bxb2+ 16. Kxb2 Qb4+ 17. Ka1 Nd5 18. Qxg7 Qf8 19. Qd4 Bd7 {1-0 (37) Ponomariov,R (2673)-Bu,X (2558) Lausanne 2001}) 16. Qxg5 {[%emt 0:00:14]} hxg5 {[%emt 0:00:03]} 17. Rd8+ {[%emt 0:00:22]} ({Weaker is} 17. bxc3 Nd5 18. Ba5 Bb7 $17) 17... Ke7 $18 {[%emt 0:00:05]} 18. Rxh8 {[%emt 0:00:05]} Bb4 {[%emt 0:11:40]} 19. Rd1 {[%emt 0:11:24]} Nd5 {[%emt 0:07:22]} 20. Bd8+ {[%emt 0:02:58]} Kd7 {[%emt 0:03:41]} 21. Bxg5 {[%emt 0:00:56]} f6 {[%emt 0:01:48]} 22. Bh4 {[%emt 0:03:05]} Ke7 {[%emt 0:01:08]} 23. Bg3 {[%emt 0:00:38]} e5 {[%emt 0:02:14]} 24. c4 {[%emt 0:01:29]} Nb6 {[%emt 0:00:57]} 25. Rdd8 {[%emt 0:01:23]} g6 {[%emt 0:08:06]} 26. f4 {[%emt 0:03:55]} e3 {[%emt 0:03:48]} 27. fxe5 {[%emt 0:03:01]} Bd2+ {[%emt 0:07:15]} 28. Kd1 {[%emt 0:00:06]} fxe5 {[%emt 0:00:24]} 29. c5 {[%emt 0:03:22]} Bf5 {[%emt 0:01:25]} 30. Rhe8+ {[%emt 0:00:26]} Kf7 {[%emt 0:00:11]} 31. cxb6 {[%emt 0:00:13]} 1-0

[Event "FRA-ch Youth 2017"]
[Site "Belfort"]
[Date "2017.04.21"]
[Round "7"]
[White "Degraeve, Remy"]
[Black "Harutyunyan, Ruben"]
[Result "0-1"]
[WhiteElo "2126"]
[BlackElo "2218"]
[Annotator "NA"]
[PlyCount "72"]
[EventDate "2017.??.??"]
[EventCountry "FRA"]
[SourceTitle "playchess.com"]
[Source "ChessBase"]
[SourceQuality "1"]
[TimeControl "5400+30"]

1. e4 {[%emt 0:00:00]} c5 {[%emt 0:00:10]} 2. Nc3 {[%emt 0:00:00]} a6 {[%emt 0:00:11]} 3. g3 {[%emt 0:00:00]} b5 {[%emt 0:00:05]} 4. a4 {[%emt 0:00:00] B23: Closed Sicilian: Lines without g3} (4. Bg2 Bb7 5. d3 e6 6. Nh3 b4 7. Ne2 d5 8. e5 Nc6 9. f4 Nh6 10. Nf2 Nf5 11. O-O Qb6 12. c3 Be7 13. g4 Nh4 14. Bh1 {0-1 (35) Yu,Y (2738)-Khismatullin,D (2639) Moscow 2017}) 4... b4 {[%emt 0:00:28]} 5. Nd5 {[%emt 0:00:00]} e6 {[%emt 0:01:02]} 6. Ne3 {[%emt 0:00:00]} Bb7 {[%emt 0:01:18]} 7. Bg2 {[%emt 0:00:00]} Nf6 {[%emt 0:03:20]} 8. d3 {[%emt 0:00:00]} d6 {[%emt 0:09:29]} 9. Nf3 $146 {[%emt 0:00:03]} (9. Ne2 Nbd7 10. O-O Qc7 11. f4 Be7 12. f5 e5 {1-0 (48) Kulhanek,T (2333)-Maes,W (2239) Prague 2014}) 9... Nbd7 {[%emt 0:02:43]} 10. O-O {[%emt 0:00:30]} Be7 {[%emt 0:01:56]} 11. Nc4 {[%emt 0:00:26]} O-O {[%emt 0:13:37]} 12. Re1 {[%emt 0:04:21]} Qc7 {[%emt 0:13:45]} 13. b3 {[%emt 0:00:33]} Ng4 {[%emt 0:08:39]} 14. Bf4 {[%emt 0:05:28]} Nge5 {[%emt 0:01:40]} 15. Nfxe5 {[%emt 0:01:21]} dxe5 {[%emt 0:00:48]} 16. Bc1 {[%emt 0:01:04]} a5 {[%emt 0:06:37]} 17. Bb2 {[%emt 0:00:27]} Ba6 {[%emt 0:00:52]} 18. Ne3 Bg5 {[%emt 0:03:39]} 19. Qg4 {[%emt 0:12:15]} Bxe3 {[%emt 0:05:05]} 20. Rxe3 {[%emt 0:00:46]} Rfe8 {[%emt 0:03:26]} 21. f4 {[%emt 0:03:26]} f6 {[%emt 0:00:16]} 22. f5 {[%emt 0:01:07]} exf5 {[%emt 0:00:27]} 23. exf5 {[%emt 0:01:04]} Bb7 {[%emt 0:00:39]} 24. Qh4 $11 {[%emt 0:03:25]} Bxg2 {[%emt 0:01:44]} 25. Kxg2 {[%emt 0:00:02]} Nb6 {[%emt 0:04:17]} 26. Kf2 {[%emt 0:09:44]} Qd7 {[%emt 0:02:20]} 27. Qh5 {[%emt 0:02:01]} Nd5 {[%emt 0:03:14]} 28. Re4 {[%emt 0:00:13]} Ne7 {[%emt 0:01:52]} 29. g4 {[%emt 0:01:03]} Nd5 {[%emt 0:00:56]} 30. Rg1 {[%emt 0:01:57]} Rad8 {[%emt 0:02:41]} 31. Qh4 {[%emt 0:02:42]} h6 {[%emt 0:01:47]} 32. Rg3 {[%emt 0:01:37]} Qa7 {[%emt 0:02:36]} 33. Ke1 {[%emt 0:02:16]} Nf4 {[%emt 0:02:01]} 34. Kd1 {[%emt 0:05:09]} c4 {[%emt 0:00:54]} 35. Rxc4 {[%emt 0:02:31]} Qf2 {[%emt 0:00:44]} 36. Re4 {[%emt 0:16:50]} Rc8 {[%emt 0:00:36]} 0-1

[Event "FRA-ch Youth 2017"]
[Site "Belfort"]
[Date "2017.04.21"]
[Round "7"]
[White "Willems, Niels"]
[Black "Bergougnoux, Axel"]
[Result "1/2-1/2"]
[WhiteElo "2116"]
[BlackElo "2194"]
[Annotator "NA"]
[PlyCount "114"]
[EventDate "2017.??.??"]
[EventCountry "FRA"]
[SourceTitle "playchess.com"]
[Source "ChessBase"]
[SourceQuality "1"]
[TimeControl "5400+30"]

1. c4 {[%emt 0:00:00]} Nf6 {[%emt 0:00:00]} 2. g3 {[%emt 0:00:00]} c5 {[%emt 0:00:10]} 3. Bg2 {[%emt 0:00:00]} d5 {[%emt 0:00:01]} 4. cxd5 {[%emt 0:00:02]} Nxd5 {[%emt 0:00:02]} 5. Nc3 {[%emt 0:00:10]} Nc7 {[%emt 0:00:01]} 6. Nf3 {[%emt 0:00:53]} Nc6 {[%emt 0:00:03]} 7. d3 {[%emt 0:00:30]} e5 {[%emt 0:00:06]} 8. Nd2 {[%emt 0:02:06]} Bd7 {[%emt 0:00:40]} 9. Nc4 {[%emt 0:02:54]} Be7 {[%emt 0:01:30]} 10. O-O {[%emt 0:00:37]} f6 {[%emt 0:00:05]} 11. Ne3 {[%emt 0:03:04] A34: Symmetrical English: 2 Nc3, lines with ...d5} O-O {[%emt 0:07:49] LiveBook: 4 Games} 12. Ned5 {[%emt 0:08:16]} Nxd5 {[%emt 0:03:29]} 13. Nxd5 {[%emt 0:00:50]} b6 {[%emt 0:00:29]} 14. a3 $146 {[%emt 0:06:00]} (14. b3 Rc8 15. Bb2 Be6 16. Nxe7+ Qxe7 17. Qc1 Qd7 {½-½ (32) Weiss,C (2200)-Baum,B (2265) Eger 1989}) 14... Rc8 {[%emt 0:03:03]} 15. b4 {[%emt 0:11:59]} Be6 {[%emt 0:05:17]} 16. Nxe7+ {[%emt 0:01:20]} Qxe7 {[%emt 0:00:54]} 17. bxc5 {[%emt 0:01:54]} Nd4 {[%emt 0:04:59]} 18. c6 $11 {[%emt 0:03:41]} Nxc6 {[%emt 0:21:34]} 19. Bd2 {[%emt 0:16:41]} Qf7 {[%emt 0:03:07]} 20. Bc3 {[%emt 0:05:41]} Bb3 {[%emt 0:13:49]} 21. Qd2 {[%emt 0:01:03]} a5 {[%emt 0:00:10]} 22. Qe3 {[%emt 0:06:51]} Ne7 {[%emt 0:16:22]} 23. Rac1 {[%emt 0:01:31]} Rc5 {[%emt 0:00:18]} 24. Bb2 {[%emt 0:03:00]} Rfc8 {[%emt 0:00:16]} 25. Rxc5 {[%emt 0:00:12]} Rxc5 {[%emt 0:00:03]} 26. Rc1 {[%emt 0:00:18]} Rxc1+ {[%emt 0:02:47]} 27. Qxc1 {[%emt 0:02:24]} Qe6 {[%emt 0:00:00]} 28. Qc7 {[%emt 0:01:33]} Kf7 {[%emt 0:00:29]} 29. Bf3 {[%emt 0:01:21]} Qc8 {[%emt 0:06:11]} 30. Qxc8 {[%emt 0:03:33]} Nxc8 {[%emt 0:00:01]} 31. d4 {[%emt 0:00:53]} exd4 32. Bxd4 {[%emt 0:00:06]} Ke6 {[%emt 0:02:09]} 33. e4 {[%emt 0:00:31]} Kd6 {[%emt 0:01:59]} 34. Bg4 {[%emt 0:01:11]} Be6 {[%emt 0:00:02]} 35. Bxe6 {[%emt 0:00:53]} Kxe6 {[%emt 0:00:00]} 36. f4 {[%emt 0:01:36]} b5 {[%emt 0:01:50]} 37. Bc3 {[%emt 0:00:10]} Nd6 {[%emt 0:01:04]} 38. f5+ {[%emt 0:03:00]} Kd7 {[%emt 0:00:52]} 39. Bxa5 {[%emt 0:00:12]} Nxe4 {[%emt 0:00:02]} 40. Bb4 {[%emt 0:00:53]} Kc6 {[%emt 0:00:11]} 41. Kg2 {[%emt 0:01:16]} Kd5 {[%emt 0:00:01]} 42. g4 {[%emt 0:00:57]} Kd4 {[%emt 0:06:10]} 43. Bf8 {[%emt 0:02:32]} g6 {[%emt 0:00:29]} 44. fxg6 hxg6 {[%emt 0:00:01]} 45. h4 {[%emt 0:00:13]} Ke3 {[%emt 0:01:39]} 46. h5 {[%emt 0:02:12]} gxh5 {[%emt 0:00:01]} 47. Bh6+ {[%emt 0:00:14]} Kd4 {[%emt 0:02:50]} 48. gxh5 {[%emt 0:00:02]} Ke5 {[%emt 0:00:22]} 49. Kf3 {[%emt 0:03:05]} Kf5 {[%emt 0:00:07]} 50. Bc1 {[%emt 0:00:20]} Nd6 {[%emt 0:01:08]} 51. Bd2 {[%emt 0:02:02]} Nc4 {[%emt 0:00:18]} 52. Bc1 {[%emt 0:00:01]} Ne5+ {[%emt 0:00:17]} 53. Kg3 {[%emt 0:00:46]} Nf7 {[%emt 0:00:29]} 54. Kf3 {[%emt 0:00:08]} Ne5+ {[%emt 0:00:23]} 55. Kg3 {[%emt 0:00:06]} Nf7 {[%emt 0:00:00]} 56. Kf3 {[%emt 0:00:14]} Nh8 {[%emt 0:01:23]} 57. Bd2 {[%emt 0:00:14]} Nf7 {[%emt 0:00:32]} 1/2-1/2

[Event "FRA-ch Youth 2017"]
[Site "Belfort"]
[Date "2017.04.21"]
[Round "7"]
[White "Kern, Nicolas"]
[Black "Viennot, Dylan"]
[Result "1-0"]
[WhiteElo "2085"]
[BlackElo "2263"]
[Annotator "NA"]
[PlyCount "95"]
[EventDate "2017.??.??"]
[EventCountry "FRA"]
[SourceTitle "playchess.com"]
[Source "ChessBase"]
[SourceQuality "1"]
[TimeControl "5400+30"]

1. e4 {[%emt 0:00:00]} e6 {[%emt 0:00:34]} 2. d4 {[%emt 0:00:00]} d5 {[%emt 0:00:05]} 3. exd5 {[%emt 0:00:41]} exd5 {[%emt 0:00:58]} 4. Bd3 {[%emt 0:00:21]} c5 {[%emt 0:01:24]} 5. Nf3 {[%emt 0:00:57]} c4 {[%emt 0:00:37]} 6. Be2 {[%emt 0:00:24]} Bd6 {[%emt 0:01:10]} 7. b3 {[%emt 0:00:53]} cxb3 $1 {[%emt 0:00:06]} 8. axb3 {[%emt 0:00:11]} Ne7 {[%emt 0:01:20] LiveBook: 4 Games} 9. O-O {[%emt 0:00:21]} Nbc6 {[%emt 0:00:29]} 10. c4 {[%emt 0:07:20]} Bf5 {[%emt 0:10:57]} 11. Nc3 {[%emt 0:11:30]} a6 {[%emt 0:01:33]} 12. Be3 {[%emt 0:19:18]} O-O {[%emt 0:03:13]} 13. Qd2 {[%emt 0:02:12] B22: Sicilian: 2 c3} Rc8 {[%emt 0:02:27]} 14. c5 {[%emt 0:12:18]} Bc7 {[%emt 0:00:46]} 15. Ne1 $146 {[%emt 0:04:50]} (15. Na2 Ng6 16. b4 Re8 17. g3 Qd7 18. Ne1 Bg4 19. Nc2 h5 20. Nc3 Bxe2 21. Qxe2 Qf5 22. Rfd1 Rcd8 23. Qd3 Qg4 24. Qe2 Qf5 25. Qd3 Qg4 26. Qe2 {½-½ (26) Murariu,A (2501)-Podinic,V (2428) Bucharest 2012}) 15... Qd7 {[%emt 0:04:45]} 16. h3 $11 {[%emt 0:04:37]} Bg6 {[%emt 0:34:15]} 17. Bf3 {[%emt 0:02:56]} Bf5 {[%emt 0:08:36]} 18. Ne2 {[%emt 0:03:47]} Ng6 {[%emt 0:04:11]} 19. Ng3 {[%emt 0:03:30]} Be6 {[%emt 0:00:44]} 20. Be2 {[%emt 0:04:10]} Nce7 {[%emt 0:02:55]} 21. Nd3 {[%emt 0:06:02]} Rfe8 {[%emt 0:05:19]} 22. f4 {[%emt 0:05:38]} f6 {[%emt 0:00:33]} 23. Bf2 {[%emt 0:01:28]} Nf5 {[%emt 0:01:51]} 24. Nh5 {[%emt 0:00:30]} Nfh4 {[%emt 0:02:12]} 25. Kh2 {[%emt 0:01:53]} Nxg2 {[%emt 0:02:15]} 26. Rg1 {[%emt 0:00:03]} Bxh3 {[%emt 0:02:48]} 27. Rxg2 {[%emt 0:03:40]} Bxg2 {[%emt 0:01:16]} 28. Kxg2 {[%emt 0:00:01]} Re4 {[%emt 0:00:19]} 29. Bf3 {[%emt 0:00:41]} Rce8 {[%emt 0:00:48]} 30. Rh1 {[%emt 0:01:57]} R8e7 {[%emt 0:04:38]} 31. Kf1 {[%emt 0:01:46]} Qb5 {[%emt 0:01:34]} 32. Kg1 {[%emt 0:01:28]} f5 {[%emt 0:00:36]} 33. Ne5 {[%emt 0:00:16]} Bxe5 {[%emt 0:00:45]} 34. dxe5 {[%emt 0:00:13]} Qxb3 {[%emt 0:00:38]} 35. Bxe4 {[%emt 0:00:04]} fxe4 {[%emt 0:00:19]} 36. Ng3 {[%emt 0:00:41]} h6 {[%emt 0:00:49]} 37. Be3 {[%emt 0:00:32]} Re8 {[%emt 0:00:22]} 38. Ne2 {[%emt 0:00:42]} Rf8 {[%emt 0:00:29]} 39. Nc3 {[%emt 0:00:33]} Ne7 {[%emt 0:00:11]} 40. Kf2 {[%emt 0:00:22]} Kh7 {[%emt 0:00:36]} 41. Rb1 {[%emt 0:00:11]} Qc4 {[%emt 0:00:06]} 42. Rxb7 {[%emt 0:00:24]} Ng6 {[%emt 0:00:35]} 43. Nxd5 {[%emt 0:00:28]} Nxe5 {[%emt 0:01:08]} 44. Qd4 {[%emt 0:01:11]} Nd3+ {[%emt 0:00:43]} 45. Kg3 {[%emt 0:00:17]} Qxd4 {[%emt 0:00:29]} 46. Bxd4 {[%emt 0:00:02]} Nxf4 {[%emt 0:00:23]} 47. Rxg7+ {[%emt 0:00:15]} Kh8 {[%emt 0:00:02]} 48. Nxf4 {[%emt 0:00:16]} 1-0